000 00353cam a2200145ua 4500
041 _amal
_h
082 _a894.8122
_bANA/AS
100 _aAnadakuttan, .
245 _aAsareeri /
_cAnadakuttan.
_hTextual Documents
260 _aKonni :
_bVenus Press & Book Depot, ,
_c1964.
300 _a114 ; .
504 _a
942 _cBK
999 _c12304
_d12304